| 000 | 00566nam a2200193Ia 4500 | ||
|---|---|---|---|
| 005 | 20250923144727.0 | ||
| 008 | 008 250917s9999 xx 000 0 eng d | ||
| 037 | _aTextual | ||
| 040 |
_aDSWL _beng _cDSWL |
||
| 041 |
_aeng _2eng |
||
| 084 | _qDSWL | ||
| 100 |
_aDatta, Kalikinkar _9827797 |
||
| 245 | 0 |
_aStudies in the history of the Bengal Sabha Social & Economic 1740-70 Vol.I _cby Kalikinkar Datta |
|
| 260 |
_aCalcutta _b University of Calcutta _c1936 |
||
| 300 | _a568p. | ||
| 365 | _aINR | ||
| 942 | _cTEXL | ||
| 999 |
_c1442561 _d1442561 |
||